000 00616nam a22001937a 4500
010 _aENG-143475
020 _c695.00
_a9789351523062
035 _aEN-127007
037 _bDBAD
082 _a616.67
100 _aGarg, Gobind Rai
_976893
245 _aReview of Pathology and Genetics /
_cby Gobind Rai Garg [and] Sparsh Gupta
250 _a6th
260 _bNew Delhi
_c2014
_aJaypee Brothers Medical Publishers
270 _a4838/24 Ansari Road Daryaganj,
_bNew Delhi
_e110002
300 _a657p.:
_billus.
_c26cm(Pbk)
700 _aGupta, Sparsh
_976894
942 _2ddc
_cEN
_h616.67
_mGAR
999 _c208686
_d208686